| 000 | 00498nab a2200157Ia 4500 | ||
|---|---|---|---|
| 003 | ES-SlBCS | ||
| 005 | 20210601142712.0 | ||
| 008 | 140529s2011 xxu||||| |||| 00| 0 spa d | ||
| 041 | _aspa | ||
| 100 | 1 |
_aMans, Claudi _9269457 |
|
| 245 | 0 | 0 |
_aLa nueva cocina científica _c Claudi Mans, Pere Castells |
| 650 | 0 | 4 |
_aQuímica _9108011 |
| 773 | 0 |
_tInvestigacion y Ciencia (Traducción de: Scientific American) _gnº. 421, 2011, págs. 56-63 _wRev1650 |
|
| 700 | 1 |
_aCastells, Pere _9123297 |
|
| 942 | _cAR | ||
| 999 |
_c680772 _d680772 |
||